|
|
|
|
| LEADER |
03173nam a2200757 i 4500 |
| 001 |
nkc20172866560 |
| 003 |
CZ PrNK |
| 005 |
20170329112917.0 |
| 007 |
ta |
| 008 |
170125t20162016xr ach e c 000 0dcze |
| 020 |
|
|
|a 978-80-7035-629-6
|q (brožováno)
|
| 040 |
|
|
|a ABA001
|b cze
|e rda
|
| 041 |
1 |
|
|a cze
|a eng
|h cze
|
| 043 |
|
|
|a ec-----
|a e-xr---
|b e-xr-pg
|2 czenas
|
| 045 |
|
|
|a u-v-
|
| 072 |
|
7 |
|a 76
|x Grafické umění. Grafika
|2 Konspekt
|9 21
|
| 080 |
|
|
|a 75.034.7
|2 MRF
|
| 080 |
|
|
|a 75.041.5
|2 MRF
|
| 080 |
|
|
|a 7.026
|2 MRF
|
| 080 |
|
|
|a 76(4)
|2 MRF
|
| 080 |
|
|
|a 762.13
|2 MRF
|
| 080 |
|
|
|a 72/76:069.5
|2 MRF
|
| 080 |
|
|
|a (4-191.2)
|2 MRF
|
| 080 |
|
|
|a (437.311)
|2 MRF
|
| 080 |
|
|
|a (083.824)
|2 MRF
|
| 100 |
1 |
|
|a Kupecký, Jan,
|d 1667-1740
|7 jn20011018114
|4 art
|
| 245 |
1 |
0 |
|a Jan Kupecký a "černé umění" =
|b Johann Kupezky and "the black art" /
|c Petra Zelenková ; překlad: Kateřina Hilská
|
| 246 |
3 |
1 |
|a Johann Kupezky and "the black art"
|
| 264 |
|
1 |
|a V Praze :
|b Národní galerie,
|c [2016]
|
| 264 |
|
4 |
|c ©2016
|
| 300 |
|
|
|a 55 stran :
|b ilustrace, portréty, faksimile ;
|c 20 cm
|
| 336 |
|
|
|a text
|b txt
|2 rdacontent
|
| 337 |
|
|
|a bez média
|b n
|2 rdamedia
|
| 338 |
|
|
|a svazek
|b nc
|2 rdacarrier
|
| 500 |
|
|
|a K výstavě konané v Národní galerii v Praze - Sbírka grafiky a kresby, Grafický kabinet, Schwarzenberský palác 6.12.2016-12.3.2017
|
| 504 |
|
|
|a Obsahuje bibliografii
|
| 546 |
|
|
|a Souběžný anglický text
|
| 600 |
1 |
7 |
|a Kupecký, Jan,
|d 1667-1740
|7 jn20011018114
|2 czenas
|
| 610 |
2 |
7 |
|a Národní galerie (Praha, Česko).
|b Sbírka grafiky a kresby
|7 kn20020617011
|2 czenas
|
| 648 |
|
7 |
|a 18. století
|7 ch460556
|2 czenas
|
| 648 |
|
7 |
|a 17.-18. století
|7 ch757024
|2 czenas
|
| 650 |
0 |
7 |
|a barokní malířství
|7 ph118762
|z Evropa střední
|2 czenas
|
| 650 |
0 |
7 |
|a portrétní malířství
|7 ph124372
|z Evropa střední
|y 17.-18. století
|2 czenas
|
| 650 |
0 |
7 |
|a reprodukce uměleckých děl
|7 ph164222
|z Evropa střední
|y 18. století
|2 czenas
|
| 650 |
0 |
7 |
|a evropská grafika
|7 ph120059
|y 18. století
|2 czenas
|
| 650 |
0 |
7 |
|a mezzotinty
|7 ph319019
|y 18. století
|2 czenas
|
| 650 |
0 |
7 |
|a umělecké sbírky
|7 ph135222
|z Česko
|2 czenas
|
| 650 |
0 |
9 |
|a baroque painting
|z Europe, Central
|2 eczenas
|
| 650 |
0 |
9 |
|a portrait painting
|z Europe, Central
|y 17th-18th centuries
|2 eczenas
|
| 650 |
0 |
9 |
|a fine art reproductions
|z Europe, Central
|y 18th century
|2 eczenas
|
| 650 |
0 |
9 |
|a European prints
|y 18th century
|2 eczenas
|
| 650 |
0 |
9 |
|a mezzotints
|y 18th century
|2 eczenas
|
| 650 |
0 |
9 |
|a art collections
|z Czechia
|2 eczenas
|
| 651 |
|
7 |
|a Praha (Česko)
|7 ge118011
|2 czenas
|
| 651 |
|
9 |
|a Prague (Czechia)
|2 eczenas
|
| 655 |
|
7 |
|a katalogy výstav
|7 fd132536
|2 czenas
|
| 655 |
|
9 |
|a exhibition catalogs
|2 eczenas
|
| 700 |
1 |
|
|a Zelenková, Petra
|7 jx20100511012
|4 wfw
|
| 700 |
1 |
|
|a Hilská, Kateřina,
|d 1949-
|7 jk01041060
|4 trl
|
| 710 |
2 |
|
|a Národní galerie (Praha, Česko).
|b Sbírka grafiky a kresby
|7 kn20020617011
|4 orm
|
| 910 |
2 |
|
|a BOA001
|b 1-1378.741
|
| 928 |
9 |
|
|a Národní galerie v Praze
|
| 990 |
|
|
|a BK
|
| 995 |
|
|
|a 11
|
| 991 |
|
|
|b 201702
|c NOV
|
| 996 |
6 |
|
|b 2610695200
|c 1-1378.741
|l MZK
|r Sklad / do 1 hodiny
|n 4
|p p.v.
|w 001596650
|u 000010
|a 1
|e BOA001
|j MZK50
|s P
|